Formato famiglia. La situazione socio demografica della famiglia a Bergamo (Record n. 358219)
[ formato base ]
| 000 -LEADER | |
|---|---|
| campo di controllo lung. fissa | 00550nam a22001937a 4500 |
| 003 - Identificatore del numero di controllo | |
| campo di controllo | IT-MiCISF |
| 005 - Data e orario dell'ultima transazione | |
| campo di controllo | 20190404172155.0 |
| 008 - Elementi di lunghezza fissa--Informazione generale | |
| campo di controllo lung. fissa | 190404b ||||| |||| 00| 0 eng d |
| 040 ## - Fonte della catalogazione | |
| Agenzia che fa la trascrizione | IT-MiCISF |
| 041 ## - Codice di lingua | |
| Codice di lingua del testo/traccia sonora o titolo separato | it |
| 100 ## - Accesso principale -- nome di persona | |
| Nome di persona | Vedovati Bruno |
| 9 (RLIN) | 57769 |
| 245 ## - Formulazione del titolo | |
| Titolo | Formato famiglia. La situazione socio demografica della famiglia a Bergamo |
| 260 ## - Pubblicazione, distribuzione, ecc. (stampa) | |
| Luogo di pubblicazione, distribuzione, ecc. | Bergamo |
| Nome dell'editore, distributore, ecc. | Comune di Bergamo |
| Data di pubblicazione, distribuzione, ecc. | 2013 |
| 300 ## - Descrizione fisica | |
| Estensione | pp. 79 |
| 500 ## - Nota generale | |
| Nota generale | famiglia, territorio, situazione-demografica |
| 650 ## - Accesso aggiunto di soggetto--termine topico | |
| Termine topico o nome geografico come accesso | famiglia |
| 9 (RLIN) | 56036 |
| 654 ## - Accesso aggiunto di soggetto--termini topici faccettati | |
| Termine principale | indagine |
| 942 ## - Dati aggiuntivi (Koha) | |
| Fonte della classificazione o dello schema di collocazione (segnatura) | Dewey Decimal Classification |
| Tipo copia default (Koha) | DOCUMENTI |
| Ritirato (status) | Perso (status) | Fonte della classificazione o dello schema di collocazione (segnatura) | Danneggiato (status) | Non per il presito | Biblioteca proprietaria | Biblioteca in cui si trova | Data d'acquisizione | Totale prestiti | Collocazione | Data ultima operazione | Prezzo in vigore dal | Tipo copia default (Koha) |
|---|---|---|---|---|---|---|---|---|---|---|---|---|
| Dewey Decimal Classification | Buone Condizioni | Not For Loan | CISF - Milano | CISF - Milano | 04/04/2019 | dp5/24 | 04/04/2019 | 04/04/2019 | DOCUMENTI |